| 000 | 00696nam a22001817a 4500 | ||
|---|---|---|---|
| 003 | BD-DhUL | ||
| 005 | 20180528095634.0 | ||
| 008 | 180528s0000 ii ||||| |||| 00| 0 ben d | ||
| 040 |
_aBD-DhUL _cBD-DhUL |
||
| 082 |
_a891.443 _bSAB |
||
| 100 | 1 | _aরায়চৌধুরী, সরোজকুমার | |
| 245 | 0 | 0 |
_aবহ্ন্যুৎসব / _cসরোজকুমার রায়চৌধুরী |
| 260 |
_aকলিকাতা : _bগুরুদাস চট্টোপাধ্যায়, _c০০০০। |
||
| 300 |
_a১৪৮ পৃ. ; _c১৮ সেমি. |
||
| 650 | 4 | _aবাংলা উপন্যাস | |
| 650 | 4 | _aBengali fiction | |
| 942 |
_2ddc _cBK |
||
| 999 |
_c241614 _d241614 |
||